000 00336nam a2200145Ia 4500
008 191201s2009 xx 000 0 und d
082 _a338.5
_bJHM
100 _aJHINGAN, M.L
245 0 _aModern Microeconomics
250 _aRev
260 _aN. Delhi
_bVrinda Publications
_c2009
300 _a808
650 _aMBA
942 _2ddc
_cBK
999 _c4677
_d4677